Devine le joueur de football selon ses clubs #17 - Statistiques

Statistiques générales
  • Ce quiz a été pris 304 fois
  • Le résultat moyen est 5 sur 8
Statistiques - réponses
1er club 2ème club 3ème club Joueurs % Correct
OL Arsenal FC OL Alexandre Lacazette
93%
Le Havre OL Real Madrid Ferland Mendy
74%
Dinamo Zagreb RB Leipzig Manchester City Josko Gvardiol
69%
Villarreal CF Atlético de Madrid Manchester City Rodri
66%
FC Barcelone B FC Barcelone Al-Sadd SC Xavi
56%
Hambourg SV Bayer Leverkusen Tottenham Son
48%
FC Sochayd RB Leipzig Liverpool FC Ibrahima Konaté
41%
VfL Bochum Scharlke 04 Bayern Munich Leon Goretzka
31%
Aucun quiz correspondant
Distribution des résultats
% des personnes avec chaque résultat
Percentile par nombre de réponses
Votre historique - résultats
Vous n’avez pas pris ce quiz